हर डंगर संत होती है / (Record no. 53956)

MARC details
000 -LEADER
fixed length control field 01099nam a22002777a 4500
005 - DATE AND TIME OF LATEST TRANSACTION
control field 20101206113148.0
008 - FIXED-LENGTH DATA ELEMENTS--GENERAL INFORMATION
fixed length control field 101206t xxu||||| |||| 00| 0 hin d
010 ## - LCCN (DPL NO)
LC control number HIN-93238
020 ## - INTERNATIONAL STANDARD BOOK NUMBER
Terms of availability 170.00
International Standard Book Number 8188913111
035 ## - SYSTEM CONTROL NUMBER
System control number HN-65584
037 ## - SOURCE OF ACQUISITION
Source of stock number/acquisition DBAD/PUB
040 ## - CATALOGING SOURCE
Original cataloging agency DPL
Language of cataloging HN
082 ## - DEWEY DECIMAL CLASSIFICATION NUMBER
Classification number 821
100 ## - MAIN ENTRY--PERSONAL NAME
9 (RLIN) 24598
Personal name श्यामलाल 'शमी'
245 ## - TITLE STATEMENT
Title हर डंगर संत होती है /
Statement of responsibility, etc श्यमालाल 'शमी'
246 ## - VARYING FORM OF TITLE
Title proper/short title har dagar sant hoti hai
Remainder of title by Shyam Lal Shami
260 ## - PUBLICATION, DISTRIBUTION, ETC. (IMPRINT)
Place of publication, distribution, etc दिल्ली
Name of publisher, distributor, etc ग्रंथ सदन
Date of publication, distribution, etc 2011
270 ## - ADDRESS
City दिल्ली
Address 27/109-ए/3, ज्वाला नगर
Postal code 110032
300 ## - PHYSICAL DESCRIPTION
Extent 95पृ.
Dimensions 22सेमी (सजिल्द)
650 ## - SUBJECT ADDED ENTRY--TOPICAL TERM
9 (RLIN) 1169
Topical term or geographic name as entry element हिन्दी कविता
650 ## - SUBJECT ADDED ENTRY--TOPICAL TERM
9 (RLIN) 29580
Topical term or geographic name as entry element Hindi Poetry
700 ## - ADDED ENTRY--PERSONAL NAME
9 (RLIN) 24599
700 ## - ADDED ENTRY--PERSONAL NAME
9 (RLIN) 24924
942 ## - ADDED ENTRY ELEMENTS (KOHA)
Source of classification or shelving scheme Dewey Decimal Classification
Item type Hindi Books
Call number suffix श्यमाला
Classification part 821
Holdings
Withdrawn status Lost status Source of classification or shelving scheme Damaged status Not for loan Collection code Home library Current library Date acquired Source of acquisition Cost, normal purchase price Total Checkouts Full call number Barcode Date last seen Copy number Cost, replacement price Koha item type
    Dewey Decimal Classification   Not For Loan Non-fiction D.B.Act.Division D.B.Act.Division 18/07/2011 DBAD / PUB 170.00   821 श्यमाला HN-65584 18/07/2011 1 170.00 Hindi Books

© Delhi Public Library
Hit Counter
free hit counter